| 000 | 00565nam a2200217Ia 4500 | ||
|---|---|---|---|
| 003 | OSt | ||
| 005 | 20220601105402.0 | ||
| 008 | 210210b1996 xxu||||| |||| 00| 0 eng d | ||
| 020 | _a0 7069 8631 8 | ||
| 040 | _cAL | ||
| 041 | _aeng | ||
| 082 | _a820.9 TRIC | ||
| 100 |
_aTRIVEDI (R D). _939878 |
||
| 245 | _aCompendious history of english literature | ||
| 260 |
_aN D _bVikas Publishing House Pvt Ltd. _c1996 |
||
| 300 | _axvi,870 | ||
| 650 |
_aHistory English Literature _939879 |
||
| 690 |
_aEnglish Literature _939880 |
||
| 906 | _a05 | ||
| 942 |
_2ddc _cBK |
||
| 999 |
_c100403 _d100403 |
||